| 000 | 00000nam 2200000za 4500 |
| 001 | 9.633033 |
| 003 | CaOODSP |
| 005 | 20220901164733 |
| 007 | cr ||||||||||| |
| 008 | 150407s2001 onc|||||o f|0| 0 fre d |
| 040 | |aCaOODSP|bfre |
| 043 | |an-cn--- |
| 086 | 1 |aJ2-206/2001F-PDF |
| 110 | 1 |aCanada.|bJustice Canada. |
| 245 | 10|aQuestions ayant trait aux victimes |h[ressource électronique] / |cpubl. par le Centre de la politique concernant les victimes. |
| 260 | |aOttawa : |bJustice Canada, |c[2001?]. |
| 300 | |a1 p. |
| 590 | |a06-27|b2006-07-07 |
| 691 | 07|aJustice pénale|2gcpds |
| 691 | 07|aVictime|2gcpds |
| 775 | 08|tVictims matter |w(CaOODSP)9.688611 |
| 776 | 0#|tVictims matter / |w(CaOODSP)9.667751 |
| 776 | 0#|tQuestions ayant trait aux victimes / |w(CaOODSP)9.667752 |
| 794 | |tQuestions ayant trait aux victimes |w(CaOODSP)9.634896 |
| 856 | 40|ahttp://publications.gc.ca|qPDF|s149 Ko|uhttps://publications.gc.ca/collections/Collection/J2-206-2001F.pdf |